000 00614cam a22002291 4500
001 sa 64000017
003 DLC
005 20260227111952.0
008 850304s1961 ii a s 000 0 eng
010 _asa 64000017
025 _aPL480:I-E-1605
035 _a(OCoLC)11760439
040 _aDLC
_cHU
_dHU
_dDLC
042 _apremarc
043 _aa-ii---
050 0 0 _aS279
_b.A798
110 1 _aIndia.
_bMinistry of Food and Agriculture.
245 1 0 _aAgricultural production since independence.
260 _a[Delhi,
_c1961]
300 _a34 p.
_billus.
_c26 cm.
650 0 _aAgriculture
_zIndia
_vStatistics.
999 _c55970
_d55970